Who Said It?: Gilmore Girls Edition - Statistics

General Stats
  • This quiz has been taken 520 times
  • The average score is 10 of 15
Answer Stats
Hint Answer % Correct
"You jump, I jump, Jack." Rory Gilmore
97%
"Oy, with the poodles already!" Lorelai Gilmore
96%
"This thing we're doing here -- me, you -- I just want you know I'm in. I'm all in." Luke Danes
91%
"I was going to wait until you called me, but my life isn't as long as yours." Emily Gilmore
87%
“I’m so writing him a song tonight” Lane Kim
78%
"People can live a hundred years without really living for a minute." Logan Huntzberger
74%
"Think how dull your life would be without me." Jess Mariano
72%
"Look, it's getting late, so either shoot us or go away." Richard Gilmore
72%
"If Rachael Ray reorganized my pantry, I'm gonna blow." Sookie St. James
72%
"Tie your tubes, idiot." Paris Geller
71%
“I need you not to hate me.” Dean Forester
55%
"People are particularly stupid today. I can't talk to anymore of them." Michel Gerard
45%
“I had an imaginary girlfriend for a while when I was young, but she left me.” Kirk Gleason
37%
"Hands In the air, not in the nose." Miss Patty
36%
“Gnome-Kicking says a lot about a man's character.” Babette Dell
31%
No matching quizzes found
Score Distribution
Percent of People with Each Score
Percentile by Number Answered
Your Score History
You have not taken this quiz